Normal view
MARC view
Entry Personal Name
001 - CONTROL NUMBER
- control field: 63537
003 - CONTROL NUMBER IDENTIFIER
- control field: dpl
005 - DATE AND TIME OF LATEST TRANSACTION
- control field: 20240319105610.0
008 - FIXED-LENGTH DATA ELEMENTS
- fixed length control field: 240319|| aca||aabn | a|a d
040 ## - CATALOGING SOURCE
- Original cataloging agency: dpl
- Transcribing agency: dpl
100 ## - HEADING--PERSONAL NAME
- Personal name: Popat dev
670 ## - SOURCE DATA FOUND
- Source citation: Work cat.: (dpl)201580: Popat dev, The forgotten son/, 2016
